Quick Pick: Real Car Brands Quiz Stats

 Plays Quiz Updated Nov 13, 2017

Challenge
Share
Tweet
Embed
Score 0/15 Timer 01:30
4 Plays Today
% Correct
Jeep
97.7%
Ford
97.5%
Isuzu
92.3%
Acura
91.5%
Opel
83.3%
Suzuki
82.9%
Tesla
80.1%
Peugeot
79.1%
% Correct
Lancia
76.1%
Pagani
63.8%
Holden
62.9%
Tata
56.1%
Elfin
43.7%
Agrale
36.5%
Chery
34.5%

Today's Daily Dose

You're not logged in!

Compare scores with friends on all Sporcle quizzes.
Join for Free
OR
Log In

You Might Also Like...

Show Comments

Extras

Top Quizzes Today


Score Distribution

Your Account Isn't Verified!

In order to create a playlist on Sporcle, you need to verify the email address you used during registration. Go to your Sporcle Settings to finish the process.

Report this User

Report this user for behavior that violates our Community Guidelines.

Details: